How to Train Your Dragon Dragons - Statistics

General Stats
  • This quiz has been taken 331 times
  • The average score is 29 of 91
Answer Stats
Boulder % Correct
Night Fury
95%
Gronckle
85%
Deadly Nadder
76%
Light Fury
75%
Monstrous Nightmare
71%
Hideous Zippleback
62%
Red Death
62%
Skrill
62%
Whispering Death
60%
Terrible Terror
59%
Screaming Death
58%
Bewilderbeast
57%
Death Song
56%
Scauldron
56%
Thunderdrum
54%
Changewing
53%
Razorwhip
51%
Rumblehorn
50%
Fireworm
46%
Speed Stinger
45%
Night Terror
44%
Timberjack
44%
Triple Stryke
44%
Flightmare
43%
Armorwing
42%
Boneknapper
42%
Eruptodon
40%
Seashocker
40%
Singetail
40%
Stormcutter
40%
Submaripper
40%
Typhoomerang
40%
Catastrophic Quaken
38%
Shellfire
38%
Sentinel
37%
Deathgripper
36%
Snow Wraith
36%
Dramillion
35%
Hotburple
34%
Buffalord
33%
Cavern Crasher
33%
Hobblegrunt
33%
Snaptrapper
33%
Green Death
32%
Purple Death
32%
Crimson Goregutter
31%
Hobgobbler
31%
Raincutter
31%
Smothering Smokebreath
30%
Sand Wraith
29%
Slitherwing
28%
Foreverwing
26%
Shovelhelm
25%
Sandbuster
24%
Snafflefang
24%
Scuttleclaw
22%
Woolly Howl
21%
Sweet Death
20%
Thunderclaw
20%
Shockjaw
18%
Grim Gnasher
17%
Groncicle
17%
Gobsucker
16%
Sword Stealer
16%
Thunderpede
16%
Tide Glider
16%
Windgnasher
15%
Windwalker
15%
Grapple Grounder
14%
Shivertooth
14%
Slithersong
14%
Snifflehunch
14%
Flame Whipper
13%
Hackatoo
13%
Luminous Krayfin
13%
Mudraker
13%
Thornridge
13%
Sliquifier
12%
Windstriker
12%
Devilish Dervish
11%
Egg Biter
11%
Large Shadow Wing
11%
Prickleboggle
11%
Threadtail
11%
Silkspanner
10%
Silver Phantom
10%
Small Shadow Wing
10%
Ripwrecker
8%
Common Rockstomper
6%
Fathomfin
6%
Tormentipede
3%
No matching quizzes found
Score Distribution
Percent of People with Each Score
Percentile by Number Answered
Your Score History
You have not taken this quiz